Applied research design for business and management
| Main Author: | |
|---|---|
| Other Authors: | |
| Format: | Book |
| Published: |
Sydney :
Mc Graw-Hii Co. ,
2000
|
| Subjects: |
MARC
| LEADER | 00000cam a2200000 7i4500 | ||
|---|---|---|---|
| 001 | 0000012970 | ||
| 005 | 20050422.0 | ||
| 020 | |a 0074707280 | ||
| 040 | |a INS | ||
| 090 | 0 | 0 | |a H62 |b P141 2000 |
| 100 | 1 | |a Page, Carole | |
| 245 | 1 | 0 | |a Applied research design for business and management |c Carole Page |
| 260 | |a Sydney : |b Mc Graw-Hii Co. , |c 2000 | ||
| 300 | |a vi : |b 381p ; |c 24cm. | ||
| 650 | 0 | 0 | |a Bussiness |x Research |y Methodology |
| 650 | 0 | 0 | |a Management |x Research |x Methdology |
| 700 | 0 | |a Meyer |x Denny | |
| 999 | |a 0000013273 |b BOOK |c Open Shelf |e Default branch | ||